İnsan felsefesi çalışmaları (Record no. 1562)

MARC details
000 -BAŞLIK
Sabit Uzunlukta Kontrol Alanı 00576na a2200229 4500
001 - KONTROL NUMARASI
Denetim Alanı 12823
003 - KONTROL NUMARASI IDENTIFIER
Denetim Alanı MIRAKIL
005 - SON İŞLEM TARİHİ VE ZAMANI
Denetim Alanı 20181213154826.0
008 - SABİT-BOY VERİ ELEMANLARI - GENEL BİLGİLER
Sabit Uzunlukta Kontrol Alanı 160827b tu 000 0
020 ## - ULUSLARARASI STANDART KİTAP NUMARASI
Uluslararası Standart Kitap Numarası 9758295136
035 ## - SİSTEM KONTROL NUMARASI
Sistem Kontrol Numarası 12823
040 ## - KATALOGLAMA KAYNAK
Orijinal Kataloglama Ajansı Milas
Kataloglama Dili tur
Metne Dönüştürmek Ajansı TR-AnCHP
082 ## - DEWEY ONLU SINIFLANDIRMA NUMARASI
Sınıflandırma Numarası 128
Ürün Numarası N87i 1998
090 ## - SINIFLAMA NUMARASI
Sınıflama Numarası 128 N87i 1998
100 ## - ANA GİRİŞ - KİŞİSEL İSİM
Kişisel Ad Nutku, Uluğ
245 ## - BAŞLIK TABLOSU
Başlık İnsan felsefesi çalışmaları
Sorumluluk Tablosu, Vb Uluğ Nutku
260 ## - YAYIN, DAĞITIM, VB
Yayın, Dağıtım, Vb Yeri İzmir
Yayıncı, Dağıtıcı, Vs Adı Bulut yayınları
Yayın, Dağıtım, Vb Tarihi 1998
300 ## - FİZİKSEL TANIM
Kapsam 160 s.
Boyutlar 20 sm.
650 ## - KONU KATMA GİRİŞ - TOPİKAL DÖNEM
Topikal Süreli Veya Coğrafi Ad Giriş Elemanı Felsefe
650 ## - KONU KATMA GİRİŞ - TOPİKAL DÖNEM
Topikal Süreli Veya Coğrafi Ad Giriş Elemanı Felsefi antropoloji
942 ## - EKLENDİ GİRİŞ ELEMANLARI (KOHA)
Sınıflandırma Veya Raf Düzeni Kaynak Dewey Decimal Classification
Koha Öğesi Türü Books
999 ## - SİSTEM KONTROL NUMARALARI (KOHA)
Koha Biblionumber 1562
Koha Biblioitemnumber 1562
Holdings
Kalıcı Konum Mevcut Konum Edinme Tarihi Edinim Kaynak Toplam Check-Out'Lar Tam Çağrı Numarası Barkod Tarih Son Görülme İtibaren Geçerli Fiyatlar Koha Öğesi Türü
CHP Kütüphanesi CHP Kütüphanesi 08/02/2016 Bağış   128 N87i 1998 000192 08/02/2016 08/02/2016 Books